000 01183 a2200181 4500
020 _a0195108434
040 _aDLC
100 1 _aBerman, A. Michael.
245 1 0 _aData structures via C++: objects by evolution
_bobjects by evolution
_cA. Michael Berman.
260 _aNew York :
_bOxford University Press,
_c1997.
300 _a471 p. :
_bill.
500 _aIncludes index.
520 _aBringing together the fundamental topics of a traditional introductory data structures course and the current world of C++ and object-oriented programming, Data Structures via C++: Objects by Evolution offers an evolutionary approach to the subject. It combines a sound pedagogy for teaching data structures at the introductory (CS2) level with modern ideas in software engineering and object-oriented programming. The book introduces students (and instructors) to C++ and object-oriented programming using a "just-in-time" approach which leads readers from traditional techniques to more current ideas.
650 0 _aC++ (Computer program language)
650 0 _aData structures (Computer science)
650 0 _aObject-oriented programming (Computer science)
942 _cBK
_k005.73 BER
_2ddc
999 _c5711
_d5711